|
|
|
|
| LEADER |
00000nbm0a2200000 4500 |
| 001 |
126967 |
| 005 |
20231031132046.0 |
| 035 |
|
|
|a (RuTPU)RU\TPU\book\137346
|
| 090 |
|
|
|a 126967
|
| 100 |
|
|
|a 20071206d1974 k y0rusy50 ca
|
| 101 |
0 |
|
|a rus
|
| 102 |
|
|
|a RU
|
| 105 |
|
|
|a a m 001zy
|
| 200 |
1 |
|
|a Исследование активации гамма-носителя и оптимизация режима в радиационных контурах со слоевыми генераторами активности
|e диссертация на соискание ученой степени кандидата физико-математических наук
|e спец. 01.04.01
|f Е. С. Сахаров
|g Томский политехнический институт; Научно-исследовательский институт ядерной физики, электроники и автоматики при Томском политехническом институте; науч. рук. И. П. Чучалин
|
| 210 |
|
|
|a Томск
|d 1974
|
| 215 |
|
|
|a 147 л.
|c ил.
|
| 320 |
|
|
|a Библиогр.: с. 140-145 (111 назв.)
|
| 610 |
1 |
|
|a диссертации
|
| 610 |
1 |
|
|a экспериментальная физика
|
| 610 |
1 |
|
|a полимерные материалы
|
| 610 |
1 |
|
|a радиационная полимеризация
|
| 610 |
1 |
|
|a модификация
|
| 610 |
1 |
|
|a ядерные реакторы
|
| 610 |
1 |
|
|a радиационные контуры
|
| 610 |
1 |
|
|a гамма-активность
|
| 610 |
1 |
|
|a физические особенности
|
| 610 |
1 |
|
|a генераторы
|
| 610 |
1 |
|
|a рабочие параметры
|
| 610 |
1 |
|
|a труды учёных ТПУ
|
| 675 |
|
|
|a 539.16.04(048)
|v 3
|
| 686 |
|
|
|a 01.04.01
|2 oksvnk
|
| 700 |
|
1 |
|a Сахаров
|b Е. С.
|
| 702 |
|
1 |
|a Чучалин
|b И. П.
|c физик
|c ректор Томского института автоматизированных систем управления и радиоэлектроники (ТИАСУР), 1972-1981
|c ректор Томского политехнического института (ТПИ), 1981-1990
|c выпускник ФТФ ТПИ 1951 г.
|f 1925-
|g Иван Петрович
|2 stltpush
|3 (RuTPU)RU\TPU\pers\11823
|4 727
|
| 712 |
0 |
2 |
|a Томский политехнический институт (ТПИ)
|b Научно-исследовательский институт ядерной физики, электроники и автоматики (НИИ ЯФЭА)
|c (1958-1975)
|2 stltpush
|3 (RuTPU)RU\TPU\col\12423
|
| 801 |
|
1 |
|a RU
|b 63413507
|c 20071206
|g PSBO
|
| 801 |
|
2 |
|a RU
|b 63413507
|c 20220208
|g PSBO
|
| 942 |
|
|
|c BK
|